Popálené dítě

Bibliographic Details
Main Author: Dagerman, Stig, 1923-1954 (Author)
Other Authors: Černík, Zbyněk, 1951- (Translator, Author of introduction, etc.)
Format: Book
Language:Czech
Swedish
PhysicalDescription:264 s. 17 cm
Published: Praha Odeon 1985
Edition:1. vyd.
Series:Světová četba Sv. 535
Subjects:

MARC

LEADER 00000cam a2200000 a 4500
001 vtls008274960
003 SK-MaSNL
005 20260302074109.0
008 210928s1985 xr r 000 0 cze
035 |a SVKPOKN086439 
040 |a SNK  |b slo  |c SNK  |e AACR2 
041 1 |a cze  |h swe 
044 |a xr  |c CZ 
072 7 |a 821.11  |x Germánske literatúry  |2 konspekt 
080 |a 839.7-3=85  |2 1981 
100 1 |a Dagerman, Stig,  |d 1923-1954  |4 aut  |9 214589 
240 1 0 |a Bränt barn  |l Česky 
245 1 0 |a Popálené dítě  |c Stig Dagerman ; Ze švéd. orig. přeložil Zbyněk Černík 
250 |a 1. vyd. 
260 |a Praha  |b Odeon  |c 1985 
300 |a 264 s.  |c 17 cm 
490 0 |a Světová četba  |v Sv. 535 
655 7 |a švédske romány  |2 SNKPH  |9 70708 
700 1 |a Černík, Zbyněk,  |d 1951-  |4 trl  |4 aui  |9 319628 
958 |a SV 
958 |a OND 
999 |c 1163697  |d 1165627 
952 |a SNK  |b SNK  |y VYP  |7 0  |p 17A0572710  |o snkID 83249 D1  |i snkKIP 11218/85  |3 rekatalogizácia  |0 0  |1 1  |4 0  |d 2008-01-30  |l 0  |r 2026-02-24 20:41:00  |w 2026-02-24 
952 |a SNK  |b SNK  |y VYP  |7 0  |p 17A1149333  |o snkID 83249  |i snkKIP 11217/85  |0 0  |1 0  |4 0  |d 2016-02-03  |l 0  |r 2026-02-24 20:41:00  |w 2026-02-24